| 000 | 00339pab a2200133 454500 | ||
|---|---|---|---|
| 008 | 180718b xxu||||| |||| 00| 0 eng d | ||
| 100 | _aDoval N.K. | ||
| 245 | _aMunicipalities and states | ||
| 362 | _a23 May 1994, p.10 | ||
| 650 | _a Municipal Government -- India | ||
| 650 | _aLocal Government -- India | ||
| 773 | _aHindu | ||
| 909 | _a26882 | ||
| 999 |
_c26882 _d26882 |
||